| 000 | 01147nam a22002897a 4500 | ||
|---|---|---|---|
| 001 | 6974 | ||
| 003 | FISKH | ||
| 005 | 20250612115151.0 | ||
| 008 | 250612b cb ||||| |||| 00| 0 eng d | ||
| 020 | _a9780679886419 | ||
| 040 |
_aFISKH _beng _cFISKH _dFISKH |
||
| 050 | _aQE521 .A76 | ||
| 082 | _a551.21 | ||
| 100 | _aArnold, Eric | ||
| 245 |
_aVolcanoes ! : _bMountains of fire / _cBy Eric Arnold : illustrated by Doug Knutson |
||
| 260 |
_aNew York : _bRandom House , _c1997. |
||
| 300 |
_a48 pages : _bcolor illustrations ; _c23 cm . |
||
| 490 |
_aStep into reading _vStep 4 |
||
| 505 | _aR | ||
| 520 | _aJuvenile Nonfiction. Language Arts. Science. HTML:A volcano could be called a sleeping mountain--that is, until it wakes up! What is it like to witness the eruption of one of nature's majestic time bombs? Young readers can learn what makes volcanoes "tick," and read about some of the most famous eruptions in history. | ||
| 521 | 8 |
_a780
_bLexile |
|
| 521 | 8 |
_aR
_bRaz-Plus |
|
| 650 |
_aVolcanoes _vJuvenile literature |
||
| 700 |
_aKnutston, Doug _eIllustrator |
||
| 942 |
_2ddc _cBK _n0 |
||
| 999 |
_c6974 _d6974 |
||